000 00329nam a2200133Ia 4500
005 20260328104247.0
008 260328s9999||||xx |||||||||||||| ||und||
100 _aLe Corbusier
245 0 _aLe Corbusier :
_b mise an point /
_cLe Corbusier
260 _bMicro -Carnet
300 _a61 p.
650 _aARQUITECTOS
942 _cBK
999 _c10125
_d10125